Moja Misia II 6 dokumentárnych filmov o slovenských misionároch
| Format: | Video DVD |
|---|---|
| Language: | Slovak English German |
| PhysicalDescription: | 1 videodisk (DVD) fareb., zvuk. |
| Published: |
Bratislava
LUX
2006
|
| Subjects: |
MARC
| LEADER | 00000ngm a2200000 a 4500 | ||
|---|---|---|---|
| 001 | vtls008994165 | ||
| 003 | SK-MaSNL | ||
| 005 | 20260425230559.0 | ||
| 007 | vd cvaizs | ||
| 008 | 070530s2006 xo 180 g s vlslo | ||
| 015 | |a SNBJ2007 | ||
| 040 | |a SNK |b slo |c SNK |e AACR2 | ||
| 041 | 1 | |a slo |a eng |a ger |h slo | |
| 043 | |a e-xo |a f-ao--- |a e-urs-- |a s-ec--- |a e-gx--- |a e-aa--- | ||
| 044 | |a xo |c SK | ||
| 072 | 7 | |a 27 |x Kresťanstvo. Kresťanská cirkev všeobecne. Ekleziológia |2 konspekt | |
| 080 | |a 27-76-051 |2 2001 | ||
| 080 | |a 27-46 |2 2001 | ||
| 080 | |a (673) |2 2001 | ||
| 080 | |a (292.511/.516) |2 2001 | ||
| 080 | |a (866) |2 2001 | ||
| 080 | |a (430) |2 2001 | ||
| 080 | |a (437.6) |2 2001 | ||
| 080 | |a (496.5) |2 2001 | ||
| 080 | |a 791.229 |2 2001 | ||
| 080 | |a (0.034.44) |2 2001 | ||
| 245 | 0 | 0 | |a Moja Misia II |h videozáznam |b 6 dokumentárnych filmov o slovenských misionároch |
| 260 | |a Bratislava |b LUX |c 2006 | ||
| 300 | |a 1 videodisk (DVD) |b fareb., zvuk. | ||
| 505 | 0 | |a Obsahuje 6 filmov 1. Padre Alegría (Angola) ; 2. Čo slová nepovedia (Sibír) ; 3. Poštárska telenovela (Slovensko) ; 4. Cesta z pralesa (Ekvádor) ; 5. Rašaj (Nemecko) ; 6. Útek do Albánska (Albánsko) | |
| 538 | |a Zvuk Dolby Digital ; obraz PAL 4:3 | ||
| 546 | |a V originálnom slov. znení, dabing angl., nem. | ||
| 600 | 1 | 7 | |a Zedníček, Milan |2 SNKMA |9 427899 |
| 600 | 1 | 7 | |a Lednická, Antónia |2 SNKMA |9 310083 |
| 600 | 1 | 7 | |a Bešenyei, Peter, |d 1963- |2 SNKMA |9 118838 |
| 600 | 1 | 7 | |a Šutka, Ján, |d 1930- |2 SNKMA |9 111698 |
| 600 | 1 | 7 | |a Lančarič, Jozef |2 SNKMA |9 427900 |
| 600 | 1 | 7 | |a Cerovská, Magdaléna |2 SNKMA |9 400410 |
| 650 | 0 | 7 | |a misionári |2 SNKPH |9 1966 |
| 650 | 0 | 7 | |a kresťanskí misionári |2 SNKPH |9 78866 |
| 650 | 0 | 7 | |a pastorácia |2 SNKPH |9 1972 |
| 650 | 0 | 7 | |a charitatívna činnosť |2 SNKPH |9 67695 |
| 650 | 0 | 7 | |a dokumentárne filmy |2 SNKPH |9 3400 |
| 651 | 7 | |a Angola |2 SNKPH |9 62748 | |
| 651 | 7 | |a Sibír (Rusko) |2 SNKPH |9 39940 | |
| 651 | 7 | |a Slovensko |2 SNKPH |9 14231 | |
| 651 | 7 | |a Ekvádor |2 SNKPH |9 16165 | |
| 651 | 7 | |a Nemecko |2 SNKPH |9 21020 | |
| 651 | 7 | |a Albánsko |2 SNKPH |9 20374 | |
| 655 | 7 | |a DVD |2 SNKPH |9 70751 | |
| 740 | 0 | 2 | |a Padre Alegría |
| 740 | 0 | 2 | |a Čo slová nepovedia |
| 740 | 0 | 2 | |a Poštárska telenovela |
| 740 | 0 | 2 | |a Cesta z pralesa |
| 740 | 0 | 2 | |a Rašaj |
| 740 | 0 | 2 | |a Útek do Albánska |
| 999 | |c 679869 |d 681799 | ||
| 952 | |a SNK |b SNK |y PREZ |7 0 |p 17A0552262 |o snkSDVD 53/2 |i snk2007/14028 |8 0 |0 0 |1 0 |4 0 |d 2007-05-30 |l 0 |r 2026-02-23 19:53:49 |w 2026-02-23 | ||


